Normal view MARC view
  • english fiction

Entry Topical Term

Number of records used in: 33

001 - CONTROL NUMBER

  • control field: 8925

003 - CONTROL NUMBER IDENTIFIER

  • control field: JRU

005 - DATE AND TIME OF LATEST TRANSACTION

  • control field: 20260407155933.0

008 - FIXED-LENGTH DATA ELEMENTS

  • fixed length control field: 260407|| aca||aabn | a|a d

040 ## - CATALOGING SOURCE

  • Original cataloging agency: JRU
  • Transcribing agency: JRU

150 ## - HEADING--TOPICAL TERM

  • Topical term or geographic name as entry element: english fiction

670 ## - SOURCE DATA FOUND

  • Source citation: Work cat.: (JRU)4180: Huxley, Aldous 8924, Brave New World, 1994